[Event "St Louis Fall B 2022"]
[Site "Saint Louis USA"]
[Date "2022.11.09"]
[Round "8.4"]
[White "Yoo, Christopher Woojin"]
[Black "Chandra, Akshat"]
[Result "1/2-1/2"]
[WhiteTitle "GM"]
[BlackTitle "GM"]
[WhiteElo "2573"]
[BlackElo "2472"]
[WhiteFideId "30909694"]
[BlackFideId "25006711"]
[EventDate "2022.11.02"]

1. d4 Nf6 2. c4 e6 3. Bf4 Bb4+ 4. Nd2 c5 5. e3 d5 6. dxc5 Bxd2+ 7. Qxd2 Ne4 8.
Qb4 Nc6 9. Qa3 e5 10. Bg3 d4 11. Nf3 dxe3 12. fxe3 Qe7 13. Rd1 a5 14. Rd6 f6 15.
Nd2 Nxd6 16. cxd6 Qf7 17. c5 Nb4 18. Bb5+ Bd7 19. Bxd7+ Qxd7 20. O-O O-O 21.
Qb3+ Qf7 22. Nc4 Na6 23. Qb5 Rac8 24. Nxe5 Qxa2 25. d7 Rxc5 26. Qb6 Qd5 27. e4
Rb5 28. exd5 Rxb6 29. Nc4 Rb4 30. Rc1 Nc5 31. Nb6 Nxd7 32. Nxd7 Rd8 33. Rc7 Rxb2
34. h4 a4 35. Bd6 Rd2 36. Be7 Re8 37. Nb6 a3 38. Bxa3 Ree2 39. Kh2 Rxg2+ 40. Kh3
Rge2 41. Rc3 h5 42. d6 Kh7 43. d7 Re6 44. Bc5 Rc6 45. Rc4 Kg6 46. Kg3 Rxb6 47.
Bxb6 Rxd7 48. Rb4 Re7 49. Kf4 Rd7 50. Rb5 Re7 51. Rd5 Re6 52. Bc5 Rc6 53. Ke4
Re6+ 54. Kf4 Rc6 55. Bd4 Rc7 56. Ke4 Re7+ 57. Kd3 Rc7 58. Bc3 Re7 59. Bb4 Rc7
60. Ba3 Rf7 61. Bc5 Rc7 62. Kd4 b6 63. Bxb6 Rc2 64. Ke3 Rg2 65. Kf3 Rg4 66. Bf2
Kh6 67. Rd6 Kg6 68. Rd7 Kh6 69. Rd8 Kg6 70. Rh8 Rc4 71. Bg3 Rc3+ 72. Kg2 Rc2+
73. Kh3 Rc4 74. Rd8 Rg4 75. Rd7 Kh6 76. Bf2 Kg6 77. Bc5 Kh6 78. Bf8 Kh7 79. Rd5
Kg6 80. Ra5 Kh6 81. Ra8 Kg6 82. Ra1 Kf7 83. Bc5 Kg6 84. Bf2 Kh7 85. Bg3 Kg6 86.
Ra5 Kh6 87. Kg2 Kg6 88. Kf3 Kh6 89. Ra2 Kg6 90. Rh2 Kf5 91. Bd6 Kg6 92. Ke3 Kf7
93. Ra2 Rxh4 94. Ra7+ Ke6 95. Bg3 Rg4 96. Kf3 Kf5 97. Ra5+ Kg6 98. Ra7 Kf5 99.
Ra5+ Kg6 100. Ra7 Kf5 101. Ra5+ 1/2-1/2

[Event "St Louis Fall B 2022"]
[Site "Saint Louis USA"]
[Date "2022.11.09"]
[Round "8.5"]
[White "Sadhwani, Raunak"]
[Black "Kantor, Gergely"]
[Result "1/2-1/2"]
[WhiteTitle "GM"]
[BlackTitle "GM"]
[WhiteElo "2628"]
[BlackElo "2561"]
[WhiteFideId "35093487"]
[BlackFideId "751499"]
[EventDate "2022.11.02"]

1. c4 e5 2. g3 Nf6 3. Bg2 Bc5 4. Nc3 c6 5. d3 d5 6. cxd5 cxd5 7. Qa4+ Nc6 8. Nf3
O-O 9. Bg5 Qb6 10. O-O Qxb2 11. Rfc1 Ng4 12. Rab1 Qa3 13. Qxa3 Bxa3 14. Rc2 h6
15. Nb5 e4 16. Ne1 hxg5 17. Nxa3 e3 18. f3 Nf6 19. Rc3 Nd4 20. Kf1 Re8 21. Nec2
Nxc2 22. Nxc2 b6 23. Rc1 Bf5 24. Nd4 Bd7 25. Rc7 a5 26. f4 gxf4 27. gxf4 b5 28.
Bf3 b4 29. Kg2 a4 30. f5 Rec8 31. Kg3 Rab8 32. Rxc8+ Rxc8 33. Rxc8+ Bxc8 34. Kf4
Bd7 35. Kxe3 Kf8 36. Kf4 Ke7 37. Ke5 g6 38. fxg6 fxg6 39. h4 Be8 40. Nc2 b3 41.
axb3 axb3 42. Na3 Ba4 43. Kd4 Kd6 44. Kc3 Ng8 45. Kb4 Be8 46. Kxb3 Nh6 47. e4
Bf7 48. Kc3 Ke5 49. Nb5 Kf4 50. Nd4 dxe4 51. Bxe4 g5 52. Ne2+ Kg4 53. hxg5 1/2-1/2

[Event "St Louis Fall B 2022"]
[Site "Saint Louis USA"]
[Date "2022.11.10"]
[Round "9.1"]
[White "Jacobson, Brandon"]
[Black "Harutyunyan, Tigran K."]
[Result "1-0"]
[WhiteTitle "GM"]
[BlackTitle "GM"]
[WhiteElo "2551"]
[BlackElo "2504"]
[WhiteFideId "30901561"]
[BlackFideId "13303635"]
[EventDate "2022.11.02"]

1. Nf3 d5 2. e3 Nf6 3. c4 e6 4. Nc3 b6 5. cxd5 exd5 6. g3 Bd6 7. Bg2 O-O 8. O-O
Bb7 9. b3 Re8 10. Bb2 a6 11. Rc1 Nbd7 12. Re1 Qe7 13. Nh4 g6 14. Nf3 Ba3 15.
Bxa3 Qxa3 16. d4 Qd6 17. Re2 Re7 18. Rec2 Kg7 19. Ne2 c6 20. Nf4 Ne4 21. Nd2 a5
22. Qe1 Rae8 23. Bxe4 dxe4 24. Nc4 Qf6 25. b4 a4 26. b5 cxb5 27. Na3 Qf5 28. Rc7
Ba6 29. R1c6 Nf6 30. Rxe7 Rxe7 31. Qb4 Rd7 32. h3 Nd5 33. Nxd5 Rxd5 34. h4 Qf3
35. Nc2 Rf5 36. Qd2 b4 37. d5 Be2 38. Qe1 Rxd5 39. Nd4 Rxd4 40. Qa1 Kh6 41. Qxd4
Qf5 42. Rf6 Qc5 43. Qxe4 Kg7 44. Rc6 Bd3 45. Rxc5 Bxe4 46. Rb5 Bb1 47. Rxb4 Bxa2
48. Rxa4 1-0

[Event "St Louis Fall B 2022"]
[Site "Saint Louis USA"]
[Date "2022.11.10"]
[Round "9.2"]
[White "Mikaelyan, Arman"]
[Black "Yoo, Christopher Woojin"]
[Result "1/2-1/2"]
[WhiteTitle "GM"]
[BlackTitle "GM"]
[WhiteElo "2556"]
[BlackElo "2573"]
[WhiteFideId "13304852"]
[BlackFideId "30909694"]
[EventDate "2022.11.02"]

1. d4 Nf6 2. c4 e6 3. Nf3 d5 4. Bg5 Bb4+ 5. Nc3 O-O 6. e3 h6 7. Bxf6 Qxf6 8. Rc1
Rd8 9. Qb3 c5 10. dxc5 Nc6 11. cxd5 exd5 12. Bb5 Bh3 13. O-O Qg6 14. Ne1 Bxc3
15. Qxc3 d4 16. exd4 Nxd4 17. Qxh3 Nxb5 18. Nf3 Qe4 19. Rfe1 Qd5 20. b3 Rac8 21.
Qh4 Nc7 22. Re5 Qd3 23. h3 Ne6 24. Qc4 b6 25. b4 bxc5 26. bxc5 Qxc4 27. Rxc4 Rc6
28. Ra4 Rd7 29. Ra5 Rdc7 30. Kf1 Rxc5 31. Rexc5 Nxc5 32. Nd2 Nd3 33. Ke2 Nc1+
34. Kd1 Nd3 35. Ke2 Nc1+ 36. Kd1 Nd3 1/2-1/2

[Event "St Louis Fall B 2022"]
[Site "Saint Louis USA"]
[Date "2022.11.10"]
[Round "9.3"]
[White "Chandra, Akshat"]
[Black "Sadhwani, Raunak"]
[Result "0-1"]
[WhiteTitle "GM"]
[BlackTitle "GM"]
[WhiteElo "2472"]
[BlackElo "2628"]
[WhiteFideId "25006711"]
[BlackFideId "35093487"]
[EventDate "2022.11.02"]

1. d4 Nf6 2. c4 e6 3. Nf3 b6 4. g3 Ba6 5. b3 Bb4+ 6. Bd2 Be7 7. Nc3 O-O 8. e4 d5
9. cxd5 Bxf1 10. Kxf1 exd5 11. e5 Ne4 12. Kg2 f5 13. Ne2 Qd7 14. h4 c5 15. Bg5
Nc6 16. Nf4 Rad8 17. Rc1 Rfe8 18. Bxe7 Qxe7 19. Re1 Qb7 20. Kg1 h6 21. h5 Ng5
22. dxc5 Nxf3+ 23. Qxf3 Nxe5 24. Qd1 bxc5 25. Nd3 Nxd3 26. Rxe8+ Rxe8 27. Qxd3
f4 28. Rxc5 d4 29. Qc4+ Kh8 30. Qd5 Qe7 31. Qxd4 fxg3 32. Rf5 Qe6 33. Rf3 Qh3 0-1

[Event "St Louis Fall B 2022"]
[Site "Saint Louis USA"]
[Date "2022.11.10"]
[Round "9.4"]
[White "Kantor, Gergely"]
[Black "Kadric, Denis"]
[Result "1/2-1/2"]
[WhiteTitle "GM"]
[BlackTitle "GM"]
[WhiteElo "2561"]
[BlackElo "2582"]
[WhiteFideId "751499"]
[BlackFideId "14403803"]
[EventDate "2022.11.02"]

1. d4 Nf6 2. c4 d6 3. Nc3 e5 4. Nf3 Nbd7 5. e4 g6 6. Be2 Bg7 7. O-O O-O 8. Be3
c6 9. d5 c5 10. Qc2 Kh8 11. Kh1 Qe7 12. Bg5 Rg8 13. a3 Qf8 14. b4 Ne8 15. Rab1
f6 16. Bd2 Bh6 17. Ne1 b6 18. Bxh6 Qxh6 19. Nd3 f5 20. bxc5 bxc5 21. Qa4 Nb8 22.
f4 exf4 23. Nxf4 Qg7 24. Qb3 Nc7 25. exf5 Bxf5 26. Bd3 Bxd3 27. Nxd3 Re8 28. Nf2
Nd7 29. Nfe4 Rab8 30. Qc2 Rxb1 31. Qxb1 Qe7 32. Qc1 Rf8 33. h3 Ne5 34. Rxf8+
Qxf8 35. Ne2 Na8 36. Qa1 Nb6 37. Nxc5 Qf2 38. Nd4 dxc5 39. Nf3 Nxc4 40. Nxe5 Qf6
41. Nxg6+ Kg7 42. Qc1 hxg6 43. Qxc4 Qa1+ 44. Kh2 Qe5+ 45. Kh1 1/2-1/2

[Event "St Louis Fall B 2022"]
[Site "Saint Louis USA"]
[Date "2022.11.10"]
[Round "9.5"]
[White "Lenderman, Aleksandr"]
[Black "Chirila, Ioan-Cristian"]
[Result "0-1"]
[WhiteTitle "GM"]
[BlackTitle "GM"]
[WhiteElo "2550"]
[BlackElo "2536"]
[WhiteFideId "2021285"]
[BlackFideId "1211668"]
[EventDate "2022.11.02"]

1. d4 Nf6 2. c4 e6 3. g3 d5 4. Bg2 Be7 5. Nf3 O-O 6. Qc2 c6 7. O-O dxc4 8. Qxc4
b5 9. Qd3 Nbd7 10. Be3 a5 11. Nbd2 b4 12. Nc4 Ba6 13. Qc2 Rc8 14. Nfe5 Nd5 15.
Nxd7 Qxd7 16. Ne5 Qc7 17. Be4 f5 18. Bxd5 cxd5 19. Qxc7 Rxc7 20. Rfc1 Rfc8 21.
Rxc7 Rxc7 22. Rc1 Rxc1+ 23. Bxc1 Bxe2 24. Nc6 Bf6 25. Be3 Bc4 26. b3 Bd3 27.
Nxa5 Bb1 28. Nc6 Bxa2 29. Nxb4 Bxb3 30. Nd3 Bc4 31. Ne5 g5 32. f3 Bb5 33. Bd2
Kg7 34. f4 h6 35. Kf2 Be7 36. Kf3 Ba4 37. Kf2 Kf6 38. fxg5+ hxg5 39. h4 gxh4 40.
gxh4 Kg7 41. Bg5 Ba3 42. Be3 Be8 43. Kg3 Be7 44. Bd2 Bd6 45. Kf2 Bb5 46. Bg5 Bb4
47. Ke3 Bc3 48. Bf4 Bb2 49. Bg5 Kh7 50. Bf4 Bc1+ 51. Kf3 Be2+ 52. Kg3 Bb2 53.
Be3 Bc3 54. Kf2 Bh5 55. Nd3 Kg7 56. Nf4 Bf7 57. Nd3 Be8 58. Kf3 Bh5+ 59. Kf2 Bd1
60. Nf4 Kf7 61. Nd3 Bc2 62. Ne5+ Kg7 63. Kg3 Be1+ 64. Kh3 Bd1 65. Bg5 Bc3 66.
Be3 f4 67. Bf2 Kf6 68. Kg2 Kf5 69. Nf3 Bc2 70. Kh3 Bd1 71. Kg2 Be2 72. Ng5 Bh5
73. Nf3 Bb4 74. Ng5 Be7 75. Nf3 Bf6 76. Ng5 Bg4 77. Bg1 Be7 78. Bf2 Ba3 79. Bg1
Bb2 80. Bf2 Bc1 81. Bg1 Be3 82. Bf2 Bc1 83. Bg1 Bh5 84. Bf2 Be3 85. Nh7 e5 86.
dxe5 Kxe5 87. Nf8 Kd6 88. Be1 d4 89. Bb4+ Ke5 90. Nd7+ Kf5 91. Nc5 Be2 92. Be1
Kg4 93. Kh2 d3 94. Ne4 f3 95. Nf6+ Kf5 96. Nd5 Bh6 97. Kg3 d2 98. Bxd2 Bxd2 99.
Kf2 Kg4 100. h5 Kxh5 101. Nf6+ Kh4 102. Ne4 Bb4 103. Ke3 Kg4 104. Nf6+ Kg3 105.
Nh5+ Kh4 106. Nf4 Bc5+ 107. Kd2 Bc4 0-1